Elasticidad-ingreso del impuesto a la renta en la Argentina (Registro nro. 15994)

Detalles MARC
000 -LEADER
fixed length control field 00352 a2200109 4500
001 - CONTROL NUMBER
control field ART_2813
005 - DATE AND TIME OF LATEST TRANSACTION
control field 20260410161710.0
008 - FIXED-LENGTH DATA ELEMENTS--GENERAL INFORMATION
fixed length control field 260409a
100 1# - MAIN ENTRY--PERSONAL NAME
Personal name Brodersohn, Mario S.
245 10 - TITLE STATEMENT
Title Elasticidad-ingreso del impuesto a la renta en la Argentina
773 0# - HOST ITEM ENTRY
Title Desarrollo económico
Related parts - Vol. 3, Nº 4 (ene./mar. 1964)
Record control number REV1174

No hay ítems disponibles.